000 00544nam a2200217Ia 4500
003 OSt
005 20220928141738.0
006 a|||||r|||| 00| 0
007 ta
008 220927b |||||||| |||| 00| 0 eng d
024 _a17358
037 _cTextual
040 _aSDCL
_cSDCL
_beng
041 _2eng
_aeng
082 _aV1:51'N14, J5
100 _aRenouvin Pierre
_9502000
245 0 _aImmediate origins of the war
260 _c1955
942 _hV1:51'N14, J5
_cTEXL
_2CC
999 _c819679
_d819679